Kvantifikovanie etických postojov v manažmente

Autorka v príspevku mapuje doterajšie používané metodiky a metódy v oblasti etiky manažmentu a načrtáva ďalšie možnosti ich používania vo výskume. Kvantifikujúce metodiky používané v slovenskom prostredí.

Uložené v:
Podrobná bibliografia
Hlavný autor: Hvastová, Jozefína, 1969-
Médium: Kapitola
Jazyk:Slovak
Predmet:
Tagy: Pridať tag
Žiadne tagy, Buďte prvý, kto otaguje tento záznam!

MARC

LEADER 00000nla a2200000 4500
001 0221310
005 20240502073633.6
041 0 |a slo 
044 |a SK 
245 1 0 |a Kvantifikovanie etických postojov v manažmente  |c Jozefína Hvastová 
520 |a Autorka v príspevku mapuje doterajšie používané metodiky a metódy v oblasti etiky manažmentu a načrtáva ďalšie možnosti ich používania vo výskume. Kvantifikujúce metodiky používané v slovenskom prostredí. 
610 2 0 |a manažment 
610 2 0 |a etika 
610 2 0 |a postoje 
610 2 0 |a meranie 
100 1 |a Hvastová, Jozefína, 1969-